| 000 | 00425nam a2200145Ia 4500 | ||
|---|---|---|---|
| 008 | 180921t2003 xxu||||| |||| 00| 0 eng d | ||
| 041 | _aeng | ||
| 080 |
_a391.5 _bREP |
||
| 245 | _aReport of the South asia regional session of global biodiversity forum June 2003 | ||
| 260 |
_bIUCN Regional biodiversity programme _c2003 |
||
| 300 | _a89p., 23 cm | ||
| 942 | _cBK | ||
| 999 |
_c15687 _d15687 |
||
| 003 | LK-CoDNM | ||
| 040 |
_aLK-CoDNM _dLK-CoDNM _eLK-CoDNM |
||